Portál pre podnikateľov
V deň vstupu SR do EÚ bol na trh uvedený portál www.epi.sk, ktorý na európskej úrovni poskytuje užívateľovi v aktuálnom čase on-line prístup k ekonomickým a právnym informáciám. Obsahová náplň portálu, práca s portálom.
Enregistré dans:
| Format: | Chapitre de livre |
|---|---|
| Langue: | slovaque |
| Sujets: | |
| Tags: |
Pas de tags, Soyez le premier à ajouter un tag!
|
MARC
| LEADER | 00000naa$a2200000$$$4500 | ||
|---|---|---|---|
| 001 | 0025553 | ||
| 005 | 20231006120406.5 | ||
| 041 | 0 | |a slo | |
| 044 | |a SK | ||
| 245 | 1 | 0 | |a Portál pre podnikateľov |
| 520 | |a V deň vstupu SR do EÚ bol na trh uvedený portál www.epi.sk, ktorý na európskej úrovni poskytuje užívateľovi v aktuálnom čase on-line prístup k ekonomickým a právnym informáciám. Obsahová náplň portálu, práca s portálom. | ||
| 610 | 2 | 0 | |a informácie |
| 610 | 2 | 0 | |a produkty |
| 610 | 2 | 0 | |a informácie ekonomické |
| 610 | 2 | 0 | |a právo |